[Event "Barcelona Sant Marti op-B 19th"]
[Site "Barcelona"]
[Date "2017.07.15"]
[Round "3"]
[White "Jimenez Rimblas, Raul"]
[Black "Orts Gonzalez, Rafael"]
[Result "1-0"]
[WhiteElo "1437"]
[BlackElo "1026"]
[PlyCount "99"]
[EventDate "2017.07.13"]
[EventType "swiss"]
[EventRounds "9"]
[EventCountry "ESP"]
[SourceTitle "EXT 2018"]
[Source "ChessBase"]
[SourceDate "2017.10.13"]
[SourceVersion "1"]
[SourceVersionDate "2017.10.13"]
[SourceQuality "1"]

1. e4 c6 2. d4 d6 3. Nf3 Bg4 4. Be2 Bxf3 5. Bxf3 e6 6. Nc3 Qf6 7. 0-0 Nd7 8. d5 Ne5 9. b3 Nxf3+ 10. Qxf3 Qxf3 11. gxf3 Rc8 12. Bb2 Ne7 13. Rad1 g6 14. Nb5 Rg8 15. Nxd6+ Kd7 16. Nxc8 Nxc8 17. d6 f5 18. e5 g5 19. Kh1 h5 20. Rg1 g4 21. h3 Bh6 22. fxg4 hxg4 23. hxg4 f4 24. f3 Rh8 25. Kg2 Bg5 26. Bc1 Nb6 27. Rh1 Rh6 28. Rxh6 Bxh6 29. Rh1 Bg5 30. Rh5 Bd8 31. Bxf4 c5 32. g5 Nd5 33. Bd2 Bb6 34. g6 Ke8 35. g7 Kf7 36. Rg5 Kg8 37. d7 Ne7 38. Be3 Nf5 39. Bxc5 Bd8 40. f4 b6 41. Bf8 Nh4+ 42. Kf2 Nf5 43. Rxf5 Bh4+ 44. Kf3 exf5 45. e6 a5 46. e7 Kh7 47. e8Q Bf6 48. Qh5+ Kg8 49. Qh8+ Kf7 50. g8Q# 1-0

[Event "Barcelona Sant Marti op-B 18th"]
[Site "Barcelona"]
[Date "2016.07.21"]
[Round "9.60"]
[White "Jimenez Rimblas, Raul"]
[Black "Sanchez Coves, Juan Josep"]
[Result "1-0"]
[WhiteElo "1821"]
[BlackElo "1610"]
[PlyCount "61"]
[EventDate "2016.07.13"]
[EventType "swiss"]
[EventRounds "9"]
[EventCountry "ESP"]
[SourceTitle "EXT 2024"]
[Source "ChessBase"]
[SourceDate "2023.10.10"]
[SourceVersion "1"]
[SourceVersionDate "2023.10.10"]
[SourceQuality "1"]

1. e4 e5 2. Nf3 Nf6 3. Nc3 Nc6 4. Bc4 Nxe4 5. Nxe4 d5 6. Bxd5 Qxd5 7. Nc3 Qa5 8. 0-0 Bg4 9. h3 Bh5 10. Re1 0-0-0 11. d3 Bb4 12. Bd2 f6 13. a3 Bxc3 14. Bxc3 Qd5 15. Re3 Rhe8 16. Qd2 Bxf3 17. Rxf3 e4 18. Re3 f5 19. Rae1 f4 20. Rxe4 Rxe4 21. Rxe4 g5 22. Qe2 Qa2 23. Qg4+ Kb8 24. Qxg5 Qb1+ 25. Re1 Qxc2 26. Qxf4 Qxd3 27. Qe3 Qg6 28. Qe4 Qf7 29. Qe6 Qf4 30. Bf6 Rf8 31. Qe8+ 1-0

[Event "Barcelona Sant Marti op-B 17th"]
[Site "Barcelona"]
[Date "2015.07.19"]
[Round "7"]
[White "Serentill Tost, Eduard"]
[Black "Jimenez Rimblas, Raul"]
[Result "1-0"]
[WhiteElo "1808"]
[BlackElo "1708"]
[PlyCount "55"]
[EventDate "2015.07.13"]
[EventType "swiss"]
[EventRounds "9"]
[EventCountry "ESP"]
[SourceTitle "EXT 2016"]
[Source "ChessBase"]
[SourceDate "2015.10.08"]
[SourceVersion "1"]
[SourceVersionDate "2015.10.08"]
[SourceQuality "1"]

1. e4 g6 2. d4 Bg7 3. Be3 d6 4. Nc3 Nf6 5. Be2 0-0 6. h3 e5 7. Qd2 exd4 8. Bxd4 Re8 9. f3 d5 10. exd5 Nxd5 11. Bxg7 Kxg7 12. Qxd5 Bd7 13. 0-0-0 Re7 14. Bd3 Nc6 15. Nge2 Re5 16. Qc4 Be6 17. Qf4 Qe7 18. Nd4 Qb4 19. Nxe6+ fxe6 20. Qxb4 Nxb4 21. Bc4 b5 22. Bxb5 Nxa2+ 23. Nxa2 Rxb5 24. Rd7+ Kh6 25. Rxc7 Ra5 26. Kb1 Rd8 27. g4 Rd6 28. Rc3 1-0

[Event "Foment Martinenc op-C 17th"]
[Site "Barcelona"]
[Date "2015.05.09"]
[Round "3"]
[White "Alvarez Albiol, Daniel"]
[Black "Jimenez Rimblas, Raul"]
[Result "1-0"]
[WhiteElo "1808"]
[BlackElo "1738"]
[PlyCount "97"]
[EventDate "2015.04.25"]
[EventType "swiss"]
[EventRounds "9"]
[EventCountry "ESP"]
[SourceTitle "EXT 2017"]
[Source "ChessBase"]
[SourceDate "2016.10.25"]
[SourceVersion "1"]
[SourceVersionDate "2016.10.25"]
[SourceQuality "1"]

1. e4 d5 2. exd5 Qxd5 3. Nc3 Qa5 4. d4 Nf6 5. Nf3 e6 6. Bd2 c6 7. Ne4 Qb6 8. Nxf6+ gxf6 9. Bc3 c5 10. dxc5 Bxc5 11. Qd2 e5 12. 0-0-0 Bxf2 13. Kb1 Be3 14. Bb5+ Kf8 15. Qd8+ Qxd8 16. Rxd8+ Kg7 17. Rhd1 Bg4 18. Rxh8 Kxh8 19. Rd8+ Kg7 20. h3 Bxf3 21. gxf3 Bf4 22. Bb4 a6 23. Ba4 b5 24. Bb3 e4 25. fxe4 Ra7 26. Bc5 Rc7 27. Bf8+ Kg6 28. Rxb8 Rd7 29. Bd6 Rxd6 30. Rg8+ Kh5 31. Bxf7+ Kh4 32. a3 Kxh3 33. Rg1 h6 34. Rg6 Bg5 35. Ka2 h5 36. e5 Rc6 37. e6 Rc7 38. Rg8 Kg4 39. Rg7 f5 40. Bxh5+ Kxh5 41. Rxc7 f4 42. e7 Bxe7 43. Rxe7 Kg4 44. Rf7 f3 45. Kb3 Kg3 46. Kb4 Kg2 47. Ka5 f2 48. Kxa6 f1Q 49. Rxf1 1-0

[Event "Foment Martinenc op-C 16th"]
[Site "Barcelona"]
[Date "2014.06.21"]
[Round "9"]
[White "Jimenez Rimblas, Raul"]
[Black "Alcayna Sanz, Enrique"]
[Result "1-0"]
[WhiteElo "1700"]
[BlackElo "1768"]
[PlyCount "93"]
[EventDate "2014.04.26"]
[EventType "swiss"]
[EventRounds "9"]
[EventCountry "ESP"]
[SourceTitle "EXT 2015"]
[Source "ChessBase"]
[SourceDate "2014.11.20"]
[SourceVersion "1"]
[SourceVersionDate "2014.11.20"]
[SourceQuality "1"]

1. e4 c6 2. d4 d5 3. exd5 cxd5 4. Nf3 Nf6 5. Be2 Nc6 6. Nc3 Bg4 7. h3 Bxf3 8. Bxf3 e6 9. Bg5 Be7 10. 0-0 Qb6 11. Ne2 0-0 12. b3 Rac8 13. Rb1 h6 14. Bh4 Rfd8 15. c4 dxc4 16. bxc4 Qa5 17. Rxb7 Rc7 18. Bxc6 Rxb7 19. Bxb7 Qxa2 20. c5 Bxc5 21. Be4 g5 22. Bd3 Bb6 23. Bg3 Qa3 24. Be5 Nd5 25. Bb1 f6 26. Bg3 Rc8 27. Qd3 Qxd3 28. Bxd3 Nb4 29. Bb5 Rd8 30. Rd1 Nc2 31. Bc4 Kf7 32. d5 exd5 33. Bxd5+ Kg7 34. Nc3 Nb4 35. Bb3 Rxd1+ 36. Bxd1 Kf7 37. Bb3+ Kg7 38. Nb5 Nd3 39. Bc4 Nc5 40. Bb8 Ne4 41. Bxa7 Bd8 42. Nd4 Nd2 43. Bd5 Be7 44. Ne6+ Kg6 45. Be3 Nb1 46. Be4+ f5 47. Bxb1 1-0